<?xml version="1.0" encoding="UTF-8"?>
<collection xmlns="http://www.loc.gov/MARC21/slim">
 <record>
  <leader>     na                 </leader>
  <controlfield tag="001">INLIS000000000015152</controlfield>
  <controlfield tag="005">20260401123449</controlfield>
  <datafield tag="035" ind1=" " ind2=" ">
   <subfield code="a">0010-0426000003</subfield>
  </datafield>
  <datafield tag="245" ind1="1" ind2=" ">
   <subfield code="a">Kreatif eksposur untuk objek candi :</subfield>
   <subfield code="b">cara mudah menghasilkan foto candi di era digital /</subfield>
   <subfield code="c">Nofria Doni Fitri</subfield>
  </datafield>
  <datafield tag="100" ind1="0" ind2=" ">
   <subfield code="a">Nofria Doni Fitri</subfield>
  </datafield>
  <datafield tag="300" ind1=" " ind2=" ">
   <subfield code="a">xiv, 96 hlm.; 23 cm. :</subfield>
   <subfield code="b">Ilustrasi berwarna</subfield>
  </datafield>
  <datafield tag="260" ind1=" " ind2=" ">
   <subfield code="a">Yogyakarta :</subfield>
   <subfield code="b">Deepublish,</subfield>
   <subfield code="c">2023</subfield>
  </datafield>
  <datafield tag="082" ind1=" " ind2=" ">
   <subfield code="a">771.37</subfield>
  </datafield>
  <datafield tag="084" ind1=" " ind2=" ">
   <subfield code="a">771.37 NOF k</subfield>
  </datafield>
  <datafield tag="020" ind1=" " ind2=" ">
   <subfield code="a">978-623-02-7191-5</subfield>
  </datafield>
  <datafield tag="650" ind1=" " ind2=" ">
   <subfield code="a">Fotografi -- Pencahayaan</subfield>
  </datafield>
  <datafield tag="520" ind1=" " ind2=" ">
   <subfield code="a">Eksposur adalah faktor terpenting menghasilkan foto yang indah. Pentingnya memahami eksposur agar dapat mengarahkan perhatian fotografer pada bagian-bagian penting saat memotret. Tujuan dari buku ini salah satunya adalah untuk membantu para pelajar dan penggemar fotografi dalam menentukan tingkat eksposur yang tepat dalam sebuah foto, khususnya pada objek candi. Pemahaman pengetahuan eksposur memungkinkan fotografer untuk mengenali bahwa terlepas dari kondisi lapangan, pemilihan eksposur kamera memiliki pengaruh yang signifikan terhadap hasil akhir sebuah foto.</subfield>
  </datafield>
  <controlfield tag="008">260401                c          0 ind  </controlfield>
  <datafield tag="990" ind1=" " ind2=" ">
   <subfield code="a">025.5134/PC/25</subfield>
  </datafield>
  <datafield tag="990" ind1=" " ind2=" ">
   <subfield code="a">025.5135/PC/25</subfield>
  </datafield>
  <datafield tag="990" ind1=" " ind2=" ">
   <subfield code="a">025.5136/PC/25</subfield>
  </datafield>
 </record>
</collection>
